Hubungkait antara konsep ihtiyat dan kaedah fiqh idha daq aL-amr ittassa' dari perspektif mazhab Syafie dalam permasalahan ibadat /
Saved in:
| Main Author: | |
|---|---|
| Format: | Thesis Book |
| Language: | Malay |
| Published: |
2013.
|
| Subjects: | |
| Tags: |
Add Tag
No Tags, Be the first to tag this record!
|
| LEADER | 01773cam a2200397 i 4500 | ||
|---|---|---|---|
| 001 | u987761 | ||
| 003 | SIRSI | ||
| 005 | 201401201610 | ||
| 008 | 140120s2013 my a t 000 0 may m | ||
| 040 | |a UMM |d AUM |e rda | ||
| 043 | |a a-my--- | ||
| 090 | |a BP42 |b A1 UM 2013 Mohay | ||
| 094 | |a BP42 |b A1 UM 2013 Mohay | ||
| 100 | 0 | |a Mohd Asri Yaacob, |e author. | |
| 245 | 1 | 0 | |a Hubungkait antara konsep ihtiyat dan kaedah fiqh idha daq aL-amr ittassa' dari perspektif mazhab Syafie dalam permasalahan ibadat / |c Mohd Asri Yaacob ; diselia oleh Dr Ridzwan Ahmad. |
| 264 | 1 | |c 2013. | |
| 264 | 4 | |c 2013. | |
| 300 | |a xvi, 122 leaves : |b illustrations ; |c 30 cm. | ||
| 336 | |a text |2 rdacontent | ||
| 337 | |a unmediated |2 rdamedia | ||
| 338 | |a volume |2 rdacarrier | ||
| 500 | |a AIUM. | ||
| 502 | |b M.Syariah |c Jabatan Fiqh dan Usul, Akademi Pengajian Islam, Universiti Malaya |d 2013. | ||
| 504 | |a Bibliography: leaves 118-122. | ||
| 650 | 0 | |a Shafiites |z Malaysia | |
| 650 | 0 | |a Islam |x Customs and practices | |
| 650 | 0 | |a Prayer |x Islam. | |
| 650 | 0 | |a Muslims |z Malaysia |x Religious life | |
| 700 | 0 | |a Ridzwan Ahmad, |e degree supervisor. | |
| 710 | 2 | |a Universiti Malaya. |b Jabatan Fiqh dan Usul, |e degree granting institution. | |
| 900 | |a HH-ZA | ||
| 596 | |a 1 12 18 25 | ||
| 999 | |a BP42 A1 UM 2013 MOHAY |w LC |c 1 |i A514685180 |l RESERVES |m P18ISLPURI |r Y |s Y |t TESIS |u 21/1/2014 | ||
| 999 | |a BP42 A1 UM 2013 MOHAY |w LC |c 1 |i A515785944 |d 20/2/2020 |e 20/2/2020 |f 14/7/2014 |g 1 |l STACKS |m P12ISLAMKL |n 22 |r Y |s Y |t TESIS |u 14/7/2014 | ||
| 999 | |a BP42 A1 UM 2013 MOHAY |w LC |c 1 |i A515870965 |d 17/9/2019 |e 17/9/2019 |f 22/12/2014 |g 1 |l STACKS |m P01UTAMA |n 38 |r Y |s Y |t TESIS |u 12/12/2014 | ||
| 999 | |a BP42 A1 UM 2013 MOHAY |w LC |c 1 |i A517408923 |f 26/12/2019 |g 1 |l STACKS |m P25UMARCHI |r N |s Y |t CD |u 26/12/2019 |1 AHSS |o .STAFF. MST-CD1627 | ||
